| 000 | 00684nam a2200193 a 4500 | ||
|---|---|---|---|
| 005 | 20140412111307.0 | ||
| 008 | 010425s19uu xx 00 eng d | ||
| 020 | _a0-394-85857-3 | ||
| 050 |
_aTR(PS E _bSa1 1990 |
||
| 100 | _aRoss, Anna | ||
| 245 |
_aSay the magic word, please / _cby Anna Ross ; illustrated by Norman Gorbaty. |
||
| 260 |
_aNew York : _bRandom House/CTW, _c1990. |
||
| 300 | _a1v. (unp.) ; ill. | ||
| 500 | _aFeaturing Jim Henson's Sesame Street Muppets | ||
| 520 | _aThe Muppet toddlers say "Please", "I'm sorry", "Thank you", and other "magic" words at the appropriate times. | ||
| 650 | _aEtiquette-Fiction | ||
| 650 | _aPuppets-Fiction | ||
| 999 |
_c103779 _d103779 |
||